000 01838nam a2200469 c 4500
999 _c149899
_d149899
003 BLK
005 20240405005333.0
008 180410b bul|||||r ||||||| ||bul||
010 _aKNG00156205000
040 _aBLK
041 _aBUL
_cBUL
072 7 _2bullib
_aК
_xКраезнание
080 _aГеография на България
_b913(497.2)
_x(282)
_z913(497.2)(282)
100 _aДойков, Васил Георгиев
_gГеограф, краевед, писател
_d1930-2018
_9364377
139 _aДойков, Васил Георгиев
_bД 71
245 1 0 _aПо долината на Русенски Лом
_bТурист. маршрути
_cВасил Георгиев Дойков.
250 _a2. прераб. и доп. изд.
257 _aBGR
260 _bМедицина и физкултура
_c1984
_fПловдив : Д. Благоев
300 _a75 с.
_bс ил., к.
_c16 см
380 _a91
490 1 _aМалка туристическа библиотека
500 _a1. изд. 1965. - 5 810 тир. - Библиогр. с.73.
650 4 _aТуристически маршрути - България
_9264994
650 4 _aРеки - България
_9287425
651 4 _aБългария
_9241624
651 4 _aРусенски Лом
_9179463
653 _aреки
653 _aРусенски Лом
653 _aмаршрути
653 _aтуристически маршрути
653 _aтуризъм
659 _aК
852 _aЦб І 21352
852 _aК 913(497.2)/Д 71 В
856 4 _qpdf
856 4 _qpdf
942 _cKNG
_n0
_s1
_03
944 _aCR
_c03.02.2014
_lCRON CRON
_k
944 _aED
_c22.04.2015
_l03.02.2014 - от С1,Р / 03.02.2014
_kНаталия_Любомирова
999 _d149899